Ανάλυση στατιστικών δεδομένων & δημογραφικές - κοινωνικές εφαρμογές : (η περιγραφική προσέγγιση)

Αποθηκεύτηκε σε:
Λεπτομέρειες βιβλιογραφικής εγγραφής
Κύριος συγγραφέας: Ρόντος, Κωνσταντίνος, 1954-
Μορφή: Βιβλίο
Γλώσσα:Greek
Δημοσίευση: Αθήνα : Γ. Μπένος, 2011.
Θέματα:
Ετικέτες: Προσθήκη ετικέτας
Δεν υπάρχουν, Καταχωρήστε ετικέτα πρώτοι!

MARC

LEADER 00000cam a2200000 i 4500
001 1/40255
008 140117s2011 gr | ||| |||| ||gre||
020 |a 9789608249790 
035 |l 10116352 
040 |a GR-MyUa  |b gre  |e AACR2 
041 0 |a gre 
082 7 |a 304.6   |2 (23) 
082 7 |a 304.60151   |2 (22) 
100 1 |a Ρόντος, Κωνσταντίνος,   |d 1954- 
245 1 0 |a Ανάλυση στατιστικών δεδομένων & δημογραφικές - κοινωνικές εφαρμογές :   |b (η περιγραφική προσέγγιση) /   |c Κωνσταντίνος Β. Ρόντος. 
260 |a Αθήνα :   |b Γ. Μπένος,   |c 2011. 
300 |a 302 σ. :   |b πίν. ;   |c 24 εκ. 
504 |a Βιβλιογραφία: σ. [299]-302. 
650 0 |a Demography  |x Statistics. 
650 0 |a Demography  |x Methodology. 
852 |a INST  |b LESVOS  |c EUDOXUS  |e 20140117  |h 304.60151 ΡΟΝ  |p 005100053699  |q 005100053699  |t EDX  |y 0 
852 |a INST  |b LESVOS  |c EUDOXUS  |e 20141105  |h 304.60151 ΡΟΝ  |p 005100055084  |q 005100055084  |t EDX  |y 0 
852 |a INST  |b LESVOS  |c EUDOXUS  |e 20150512  |h 304.60151 ΡΟΝ  |p 005100056526  |q 005100056526  |t EDX  |y 0 
852 |a INST  |b LESVOS  |c EUDOXUS  |e 20150512  |h 304.60151 ΡΟΝ  |p 005100056527  |q 005100056527  |t EDX  |y 0 
852 |a INST  |b LESVOS  |c EUDOXUS  |e 20150512  |h 304.60151 ΡΟΝ  |p 005100056528  |q 005100056528  |t EDX  |y 0 
852 |a INST  |b LESVOS  |c EUDOXUS  |e 20150512  |h 304.60151 ΡΟΝ  |p 005100056529  |q 005100056529  |t EDX  |y 0 
852 |a INST  |b LESVOS  |c EUDOXUS  |e 20150512  |h 304.60151 ΡΟΝ  |p 005100056530  |q 005100056530  |t EDX  |y 0 
852 |a INST  |b RHODES  |c EUDOXUS  |e 20180530  |h 304.60151 ΡΟΝ  |p 005400040105  |q 005400040105  |t EDX  |y 0 
852 |a INST  |b SYROS  |e 20211213  |h 304.6 ΡΟΝ  |p 005500015275  |q 005500015275  |t BK  |y 0 
901 |a BIBL1-2014-1 
901 |a BIBL1-2014-3 
920 |a Εύδοξος  |b Επιστροφή  |y Ρόδος  |z 2018-05 
920 |a Εύδοξος  |b Επιστροφή  |y Λέσβος  |z 2013-04 
920 |a Εύδοξος  |b Επιστροφή  |y Λέσβος  |z 2014-11 
920 |a Εύδοξος  |b Παραγγελία-ΤΚ  |y Λέσβος  |z 2015-04 
970 |a ΤΖΑΦΕΡΗ  |b ΕΥΑΓΓΕΛΙΑ  |z 2014/01/17